| 000 | 00592nam a2200241Ia 4500 | ||
|---|---|---|---|
| 003 | OSt | ||
| 005 | 20221005114332.0 | ||
| 006 | a|||||r|||| 00| 0 | ||
| 007 | ta | ||
| 008 | 221004b |||||||| |||| 00| 0 eng d | ||
| 024 | _a60125 | ||
| 037 | _cTextual | ||
| 040 |
_aCRL _cCRL _beng |
||
| 041 |
_2eng _aeng |
||
| 082 | _aV2:41:N0, E1 | ||
| 100 |
_aLovett A C _9625804 |
||
| 245 | 0 | _aArmies of India | |
| 260 | _c1911 | ||
| 650 | _aHISTORY | ||
| 700 |
_a Macmunn G F _9625805 |
||
| 942 |
_hV2:41:N0, E1 _cTEXL _2cc |
||
| 999 |
_c1030999 _d1030999 |
||